00294nam a22001097a 4500008004100000020002200041082001000063100002200073245002500095260005600120300000800176150813t xxu||||| |||| 00| 0 eng d a978-81-8356-486-1 a574.1 aLata Bhattacharya aBiological chemistry aNew DelhibDiscovery publishing house pvt ltdc2009 a341